000 00916nam a2200217 a 4500
003 0
005 20250321112142.0
008 060801s19uu xx 00 eng d
050 _aPGS HD 4918.C67
_b.K49 2006
100 _aKim, Hyun Woo.
245 _aA profile of the coping mechanisms of the custodial workers in SISC to survive the poor economic condition of the Philippines /
_cHyun Woo Kim.
260 _aLas PiƱas City, Philippines :
_bSouthville International School and Colleges,
_c2006.
300 _a32 pages :
_billustrations ;
_c28 cm.
504 _aIncludes bibliographical references.
650 _aCustodial service
_vEconomic conditions
_zPhilippines.
650 _aJanitors
_vEconomic conditions
_zPhilippines.
650 _aEconomic survival strategies
_zPhilippines.
650 _aLow-income workers
_zPhilippines.
650 _aCost and standard of living
_zPhilippines.
942 _2lcc
_cPASS
999 _c97500
_d97500